La Campaña de Tarapacá - 1879
Guardat en:
| Autor principal: | |
|---|---|
| Format: | Llibre |
| Idioma: | espanyol |
| Publicat: |
Santiago
Estudios Americanos
2011
|
| Edició: | 3a. ed |
| Col·lecció: | Colección La Guerra del Pacífico. Partes Oficiales
|
| Matèries: | |
| Etiquetes: |
Afegir etiqueta
Sense etiquetes, Sigues el primer a etiquetar aquest registre!
|
MARC
| LEADER | 00000cam a2200000 a 4500 | ||
|---|---|---|---|
| 001 | UCF7621 | ||
| 003 | CL-VaPUC | ||
| 008 | 130627e20110600CL |||||||||||||||||spa|d | ||
| 020 | |a 9789568842024o.c | ||
| 082 | 0 | 4 | |a 983.0616 |b ROB |2 21 |
| 100 | 0 | |a Robles Diez, Enrique |e author |9 569690 | |
| 245 | 1 | 3 | |a La Campaña de Tarapacá - 1879 |
| 250 | |a 3a. ed | ||
| 300 | |a 358 p | ||
| 942 | |c BK | ||
| 945 | |d 20130627 00:00:00 |a dcastane | ||
| 260 | |a Santiago |b Estudios Americanos |c 2011 | ||
| 650 | 0 | |a Guerra del Pacífico |9 265541 | |
| 650 | 7 | |a HISTORIA DE CHILE SIGLO 18 |2 CL-VaPUC |9 314072 | |
| 583 | |a last modification |c 20130627 13:18:00 |k Rodrigo Vera | ||
| 490 | 0 | |a Colección La Guerra del Pacífico. Partes Oficiales | |
| 999 | |c 352429 |d 352427 | ||
| 952 | |0 0 |1 0 |4 0 |6 983_061600000000000_ROB_2011 |7 0 |8 A |9 456949 |a BIBDER |b BIBDER |d 2019-11-22 |i 4982614 |o 983.0616 ROB 2011 |p 4982614 |r 2023-01-25 |w 2019-11-22 |y BK |k DER | ||